LEADER 01170nam a2200265 i 4500 001 000000183742 003 CaOOAMICUS 005 20091126000000.0 008 091126s1987 be u000 u fre u 013 $a161710 040 $aSeMil$bita 100 1 $aRi, Su-Min.$0(OLS)http://semarc/name/10092 245 10$a[Versio]. 300 $aXXVII, 208 p. 490 0 $aCorpus Scriptorum Christianorum Orientalium ;$v487. Scriptores Syri ; 208 490 0 $aCorpus Scriptorum Christianorum Orientalium. Scriptores Syri ;$v208 773 0 $aRi, Su-Min$tCaverne des trérors.$dLovanii : In aedibus Peeters, 1987.$kCorpus Scriptorum Christianorum Orientalium. Scriptores Syri$w()22545 830 0$aCorpus Scriptorum Christianorum Orientalium ;$v487. Scriptores Syri ; 208.$0(OLS)http://semarc/title/77 830 0$aCorpus Scriptorum Christianorum Orientalium. Scriptores Syri ;$v208.$0(OLS)http://semarc/title/9544 850 $aSeMil 852 $aSeMil$W1$xVenegono$y1$m2S III 487$j134442$B134442$CSeMilBibl$Z2$F146054 $81 900 1 $aSu-Min Ri, Andreas. 961 $aOmaggio: Altro 996 $6245$a[Versio]$9(OLS)http://semarc/title/46822 LEADER 00660nam a2200181 i 4500 001 000000101314 003 CaOOAMICUS 005 20100705000000.0 008 100705s1969 it u000 u ita u 013 $a73466 040 $aSeMil$bita 245 10$a4. periodo :$b1965 /$ca cura di Giovanni Caprile. 300 $aXI, 755 p. 700 1 $aCaprile, Giovanni,$c.$0(OLS)http://semarc/name/771 773 0 $tConcilio Vaticano 2..$dRoma : La Civiltà Cattolica, 1966-1969.$g5$w()898 850 $aSeMil 852 $aSeMil$W1$xVenegono$y1$m2A V 32$j58175$B58175$CSeMilBibl$Z2$F68825 $81 996 $6245$a4. periodo :$b1965$9(OLS)http://semarc/title/148256